Let's find out yummy colors. (Record no. 113102)
[ view plain ]
| 000 -LEADER | |
|---|---|
| fixed length control field | 00234nam a2200097 a 4500 |
| 005 - DATE AND TIME OF LATEST TRANSACTION | |
| control field | 20140414132002.0 |
| 008 - FIXED-LENGTH DATA ELEMENTS--GENERAL INFORMATION | |
| fixed length control field | 110217s19uu xx 00 eng d |
| 050 ## - LIBRARY OF CONGRESS CALL NUMBER | |
| Classification number | TR |
| Item number | Y9 2007 |
| 245 ## - TITLE STATEMENT | |
| Title | Let's find out yummy colors. |
| Withdrawn status | Lost status | Damaged status | Home library | Current library | Shelving location | Date acquired | Total Checkouts | Full call number | Barcode | Date last seen | Price effective from | Koha item type |
|---|---|---|---|---|---|---|---|---|---|---|---|---|
| Munich Library | Munich Library | Teachers Reference Section | 02/17/2011 | TR Y9 2007 | M4586 | 04/14/2014 | 04/14/2014 | Books |